Giáo trình khoa học quản lý : Dùng cho hệ cử nhân chính trị

Gardado en:
Detalles Bibliográficos
Autor Corporativo: Học viện chính trị quốc gia Hồ Chí Minh
Formato: Libro
Idioma:Undetermined
Publicado: Hà Nội Chính trị Quốc gia 2002
Những chủ đề:
Các nhãn: Engadir etiqueta
Sen Etiquetas, Sexa o primeiro en etiquetar este rexistro!
Thư viện lưu trữ: Trung tâm Học liệu Trường Đại học Cần Thơ
LEADER 00643nam a2200193Ia 4500
001 CTU_49141
008 210402s9999 xx 000 0 und d
082 |a 658 
082 |b H419 
110 |a Học viện chính trị quốc gia Hồ Chí Minh 
245 0 |a Giáo trình khoa học quản lý : 
245 0 |b Dùng cho hệ cử nhân chính trị 
245 0 |c Học viện chính trị quốc gia Hồ Chí Minh 
260 |a Hà Nội 
260 |b Chính trị Quốc gia 
260 |c 2002 
650 |a Management 
910 |a Huỳnh Mai 
980 |a Trung tâm Học liệu Trường Đại học Cần Thơ